Missing Word: Oscar Best Costume A-Z Quiz Stats

 Plays Quiz Updated May 1, 2018

Score 0/23 Timer 03:00
1 Play Today
Film Word % Correct
The _____ GatsbyGreat
96.6%
My ____ LadyFair
95.3%
The Lord __ the Rings: The Return __ the KingOf
95.2%
Shakespeare in ____Love
94.8%
The Grand Budapest _____Hotel
94.5%
The Adventures of Priscilla, _____ of the DesertQueen
94.1%
____ Like It HotSome
93.5%
A Room with a ____View
93.3%
All That ____Jazz
92.7%
The English _______Patient
91.7%
______ Rouge!Moulin
91.2%
Elizabeth: The Golden ___Age
90%
Film Word % Correct
Topsy-_____Turvy
90%
Mad Max: Fury ____Road
89.4%
_________ LiaisonsDangerous
88.8%
Fantastic ______ and Where to Find ThemBeasts
87.3%
________ of FireChariots
87.2%
Death on the ____Nile
86.7%
The _____ VictoriaYoung
85.8%
The Age of _________Innocence
84.3%
Doctor _______Zhivago
84.1%
Anna ________Karenina
77.9%
The Last _______Emperor
68.5%

Today's Daily Dose

You're not logged in!

Compare scores with friends on all Sporcle quizzes.
OR
Log In

Sporcle TV

Today on Sporcle TV


Watch our educational content, quiz creation guides, and fun videos on Sporcle TV.

Show Comments

Extras

Top Quizzes Today


Score Distribution

Your Account Isn't Verified!

In order to create a playlist on Sporcle, you need to verify the email address you used during registration. Go to your Sporcle Settings to finish the process.

Report this User

Report this user for behavior that violates our Community Guidelines.

Details: